000 00614nam a22002297a 4500
003 UA-OsUOA
001 61809
007 ta
008 20090716b un ||||| |||| 00| 0 ukr d
100 _aМогилевский К.И.
700 _aСоловьев К.А.
090 _a32
_bМ74
942 _cSA
040 _aUA-OsUOA
_brus
_cUA-OsUOA
_dUA-OsUOA
245 _aСтолыпинский проект преобразования России
300 _aС.151-167
955 _a0
041 _arus
080 _a32
773 0 _w61808
_tПолития
_dМ.
_d2009
_g1
650 7 _a32 Політика
_2UDC
999 _c347861
_d347861